Movies Quiz

Random Movies or Clickable Quiz

3-Word '80s Movies Quiz Stats

 Plays Quiz Updated Jan 14, 2016

Challenge
Share
Tweet
Score 0/24 Timer 04:00
1 Play Today
% Correct
Beverly
97.7%
Dead
97%
Friday
96.5%
Terms
96.3%
Conan
96.2%
Good
96.1%
Weekend
94.5%
Pretty
93.8%
The
93.8%
Field
93.4%
Armed
93.2%
St.
91.6%
% Correct
Coming
91%
Stand
89.4%
A
87.5%
License
85.5%
Better
84.6%
Adventures
83.1%
Above
79.7%
Back
79.6%
Who's
79.2%
One
77.4%
The
75.4%
Fanny
72.4%

You're not logged in!

Compare scores with friends on all Sporcle quizzes.
Join for Free
OR
Log In

You Might Also Like...

Show Comments

Extras

Top Quizzes Today


Score Distribution

Your Account Isn't Verified!

In order to create a playlist on Sporcle, you need to verify the email address you used during registration. Go to your Sporcle Settings to finish the process.

Report this User

Report this user for behavior that violates our Community Guidelines.

Details: